Land vs. Land #110 - Statistiken

Allgemein
  • Dieses Quiz wurde 22 mal gespielt
  • Das Durchschnittsergebnis liegt bei 13 aus 14
Antwortstatistiken
Frage Antwort % Korrekt
...Fläche? Japan🇯🇵
100%
...Einwohner? Japan🇯🇵
100%
...Bruttoinlandsprodukt? Japan🇯🇵
100%
...Bruttoinlandsprodukt pro Kopf? Japan🇯🇵
100%
...Militär? Japan🇯🇵
100%
...Tourismus? Japan🇯🇵
100%
...HDI (Human Development Index)? Japan🇯🇵
100%
...Gesundheitswesen? Japan🇯🇵
100%
...durchschnittlicher IQ? Japan🇯🇵
100%
...Exportmengen? Japan🇯🇵
100%
...Gewinner? Japan🇯🇵
100%
...Lebenserwartung? Japan🇯🇵
95%
...Frieden? Japan🇯🇵
85%
...Happy Planet Index? Japan🇯🇵
65%
Keine übereinstimmenden Quizze gefunden
Verteilung der Resultate
Anzahl Personen mit jedem Resultat
Perzentil nach korrekt beantworteten Fragen
Ihre Resultats-Entwicklung
Sie haben dieses Quiz noch nicht gespielt